|
|
|
|
| LEADER |
00000nab a2200000 a 4500 |
| 001 |
vtls010430192 |
| 003 |
SK-MaSNL |
| 005 |
20260304183918.0 |
| 008 |
250708|2012 xo |r||||||||||00 b|slo |
| 015 |
|
|
|a SNBRB2012/05
|2 snkbucl
|
| 035 |
|
|
|a (uuid)6aabec22-f150-4e95-9d76-b4c6d0f2598d
|
| 035 |
|
|
|a urn:nbn:sk:snk-abc7h5
|
| 035 |
|
|
|a (urnnbn)urn:nbn:sk:snk:ar-000p8c
|
| 038 |
|
|
|a SNKBUCL
|
| 040 |
|
|
|a SNKBUCL
|b slo
|c SNKBUCL
|e AACR2
|
| 041 |
0 |
|
|a slo
|
| 044 |
|
|
|a xo
|c SK
|
| 080 |
|
|
|a 027.82
|2 2001
|
| 080 |
|
|
|a [004.78:02]Virtua
|2 2001
|
| 100 |
1 |
|
|a Janovská, Darina,
|d 1953-
|4 aut
|9 105891
|
| 245 |
1 |
0 |
|a Pracovná porada o výpožičných službách v KIS Virtua
|c Darina Janovská
|
| 610 |
2 |
7 |
|a Knižnično-informačný systém tretej generácie (projekt)
|2 snkbucl
|9 167279
|
| 610 |
2 |
7 |
|a Slovenská národná knižnica
|2 snkbucl
|9 30663
|
| 650 |
0 |
7 |
|a výpožičné služby
|2 snkbucl
|9 49797
|
| 650 |
0 |
7 |
|a pracovné porady
|2 snkbucl
|9 85294
|
| 650 |
0 |
7 |
|a Virtua (knižničný systém)
|2 snkbucl
|9 154533
|
| 773 |
0 |
|
|t Knižnica
|g Roč. 13, č. 5 (2012), s. 15-16
|x 1335-7026
|
| 850 |
|
|
|a Slovenská národná knižnica
|
| 852 |
|
|
|a Slovenská národná knižnica
|
| 856 |
4 |
1 |
|u http://www.snk.sk/images/snk/casopis_kniznica/2012/maj/15.pdf
|
| 954 |
|
|
|a odborná, vedecká literatúra pôvodná (slovenská)
|2 lita
|
| 958 |
|
|
|a article15
|
| 958 |
|
|
|a OND
|
| 958 |
|
|
|a KL
|
| 958 |
|
|
|a EUIPO
|
| 999 |
|
|
|c 3036166
|d 3038096
|